000 005920000a22001810004500
090 _aAR
_b01624
245 1 0 _aChanging role of rural landscapes: olive and carob multi-use tree plantations in the semiarid mediterranean
650 1 4 _aAgroecosistemas
_993144
650 1 4 _aEcología del paisaje
_992227
650 1 4 _aSector rural
_995016
651 4 _pEuropa
_992749
653 _gOlea
_eOlea europa
653 _gCoratonia
_eCoratonia silicua
041 0 _aInglés
100 1 _aMakhzoumi, J. M.
_995017
942 _cARTICULO
773 1 _tLandscape and Urban Planning
_3520
_h37
_q115-122
_d1997
999 _c10704
_d10704